| 000 | 00460 a2200169 4500 | ||
|---|---|---|---|
| 005 | 20250629053250.0 | ||
| 020 | _a0-07-249446-8 | ||
| 082 | _a150.72 SHA | ||
| 100 | _aSHAUGHNESSY, J. J | ||
| 245 | _aResearch Methods in Psychology | ||
| 250 | _a6th Ed. | ||
| 260 |
_aBoston _bMcGraw-Hill Irwin _c2003. |
||
| 300 |
_axvi,543p.: ill.; figures _bIndex, References _c23cm |
||
| 700 | _aEugene B. Zechmeister | ||
| 700 | _aJeanne S. Zechmeister | ||
| 942 |
_2ddc _cBKS |
||
| 999 |
_c6214 _d6214 |
||